Normal view
MARC view
- Malo, Marta
Entry Nombre Personal
001 - NUMERO DE CONTROL
- campo de control: 48047
003 - IDENTIFICADOR DE NUMERO DE CONTROL
- campo de control: MX-MxUPN
005 - FECHA Y HORA DE LA ÜLTIMA TRANSACCIÓN
- campo de control: 20230303132013.0
008 - DATOS DE LONGITUD FIJA
- campo de control de longitud fija: 230303|| aca||aabn | a|a d
040 ## - FUENTE DE CATALOGACIÓN
- Agencia original de catalogación: MX-MxUPN
- Lenguaje de catalogación: spa
- Agencia de transcripción: MX-MxUPN
100 1# - ENCABEZAMIENTO - NOMBRE PERSONAL
- Nombre personal: Malo, Marta
670 ## - FUENTE EN LA QUE SE LOCALIZARON DATOS
- Cita de la fuente: Enseñar a transgredir: la educación como práctica de la libertad, 2021:
- Información localizada: portada (prólogo y traducción de Marta Malo)
902 ## - CATALOGADOR
- Catalogador: Víctor Ruiz/030323
